| 000 | 01707nam0a2200337 4500 | ||
|---|---|---|---|
| 001 | RU\NLR\bibl\568642 | ||
| 005 | 20250609164338.0 | ||
| 010 |
_a5-8155-0127-1 _91000 |
||
| 021 |
_aRU _b2004-24286 _91229 |
||
| 035 | _aRSL-KNO-002427420 | ||
| 035 | _a(NLR Aleph) 000560722 | ||
| 090 |
_a1530706 _c1530706 |
||
| 100 | _a20040427d2002 |||y0rusy50 ca | ||
| 101 | 0 | _arus | |
| 102 | _aRU | ||
| 105 | _aa ||||||||| | ||
| 106 | _ar | ||
| 200 | 1 |
_aРоманс в подземном переходе _eповесть и рассказы _fИльгизярь Юлаева |
|
| 210 |
_aМ. _cГлобус _d2002 |
||
| 215 |
_a92,[1] с. _cил., портр. _d21 |
||
| 327 | 0 | _aСодерж.: Дядя Федор: Повесть; Последняя осень; Голубой шарф; Ты чей?; Романс в подземном переходе; Андрюшка; Посиделки; Черепаха-гурманша; Грачонок; Вдохновение и др. | |
| 610 | 0 | _aФилологические науки. Художественная литература -- Российская Федерация -- Русская литература -- с сер. 50-х гг. 20 в. -- Произведения художественной литературы -- Художественная проза -- Романы. Повести. Рассказы | |
| 686 |
_aШ5(2=Р)75-644 _2rubbk |
||
| 686 | _aШ6(2=Баш)7-44{Лх-баш 230-20} | ||
| 700 | 1 |
_aЮлаева _bИ. К. _gИльгизярь Кутусовна _4070 |
|
| 801 | 0 |
_aRU _bRuMoRKP _c20040427 _gPSBO |
|
| 801 | 1 |
_aRU _bRuMoRGB _c20040427 |
|
| 801 | 2 |
_aRU _bNLR _c20041029 _gPSBO |
|
| 942 | _cBOOK | ||
| 980 | _aNB | ||